000 00672nam a2200241Ia 4500
003 OSt
005 20221005052359.0
006 a|||||r|||| 00| 0
007 ta
008 221004b |||||||| |||| 00| 0 eng d
024 _a101859
037 _cTextual
040 _aCRL
_cCRL
_beng
041 _2eng
_aeng
082 _aP:4x, M7
100 _aSchleifer Ronald
_930836
245 0 _aA J Greimas and the nature of meaning
_b linguistics, semiotics and dicourse theory
260 _aLondon
_bCroom Helm
_c1987
300 _axviii,217p
_ccm.
650 _aLINGUISTICS
942 _hP:4x, M7
_cTEXL
_2cc
999 _c960315
_d960315